| 000 | 00606nam a2200217 a 4500 | ||
|---|---|---|---|
| 999 |
_c11418 _d11418 |
||
| 001 | 11418 | ||
| 003 | BD-JhCC | ||
| 005 | 20190912084253.0 | ||
| 008 | 190912s20192014b a|||| |||| 000 0 eng d | ||
| 035 | _a(BD-JhCC)11418 | ||
| 040 |
_aBD-JhCC _dBD-JhCC |
||
| 041 | _aeng | ||
| 082 |
_a004.023 _bHOS 2019 |
||
| 100 | _aHossain, Shaikh Farhad | ||
| 245 |
_aThe power of IT jobs / _cShaikh Farhad Hossain, |
||
| 260 |
_aDhaka : _bMollick Book Center, _c2019 |
||
| 300 |
_a581 p. : _bill. ; _c23 cm. |
||
| 650 | _aInformation technology--Vocational guidance | ||
| 650 | _aComputer science | ||
| 942 |
_2ddc _cBK |
||